| 000 | 00613cam a22002177a 4500 | ||
|---|---|---|---|
| 020 | _a9711041103 | ||
| 020 | _a9789711041106 | ||
| 040 | _cDJB | ||
| 082 | _a633 INT 1985 A043 Or. | ||
| 100 | 1 | _aHeinrichs, E. A. | |
| 245 | 1 | 0 | _aGenetic evaluation for insect resistance in rice / |
| 260 |
_aManila, Philippines : _bInternational Rice Research Institute, _c1985. |
||
| 300 |
_a[10], 356 p. : _bill. (some col.) ; _c23 cm. |
||
| 650 | 0 | _aRice | |
| 650 | 0 | _aRice | |
| 650 | 0 | _aRice | |
| 700 | 1 | _aMedrano, F. G. | |
| 700 | 1 | _aRapusas, H. R. | |
| 710 | 2 | _aInternational Rice Research Institute. | |
| 942 | _cEK | ||
| 999 |
_c12581 _d12581 |
||